Decision in first for arbitration application for leave of appeal under the Act (Record no. 83590)

MARC details
000 -LEADER
fixed length control field 01015cad a22002175a 4500
001 - CONTROL NUMBER
control field E154348
008 - FIXED-LENGTH DATA ELEMENTS--GENERAL INFORMATION
fixed length control field 111115s2011 xxk 000 0 eng d
035 ## - SYSTEM CONTROL NUMBER
System control number (Sirsi) u154348
041 0# - LANGUAGE CODE
Language code of text/sound track or separate title eng
110 2# - MAIN ENTRY--CORPORATE NAME
Corporate name or jurisdiction name as entry element Scottish Arbitration Centre
9 (RLIN) 5988
245 00 - TITLE STATEMENT
Title Decision in first for arbitration application for leave of appeal under the Act
Medium [electronic resource]
260 ## - PUBLICATION, DISTRIBUTION, ETC.
Date of publication, distribution, etc. 2011
490 ## - SERIES STATEMENT
Series statement Scottish Arbitration Centre News Release
520 ## - SUMMARY, ETC.
Summary, etc. Discusses the recent judgement on the right to appeal against an arbitrator's decision due to legal errors, under the Arbitration (Scotland) Act 2010. See E154347 for the decision.
590 ## - LOCAL NOTE (RLIN)
Local note KA
650 24 - SUBJECT ADDED ENTRY--TOPICAL TERM
Topical term or geographic name entry element ARBITRATION (SCOTLAND) ACT 2010
651 #4 - SUBJECT ADDED ENTRY--GEOGRAPHIC NAME
Geographic name Scotland
Chronological subdivision 1999-
690 ## - LOCAL SUBJECT ADDED ENTRY--TOPICAL TERM (OCLC, RLIN)
Topical term or geographic name as entry element MANAGEMENT-DISPUTE AVOIDANCE, MANAGEMENT AND RESOLUTION-DISPUTE MANAGEMENT AND RESOLUTION-ARBITRATION
856 40 - ELECTRONIC LOCATION AND ACCESS
Uniform Resource Identifier <a href="https://www.scottisharbitrationcentre.org/index.php/archives/420">https://www.scottisharbitrationcentre.org/index.php/archives/420</a>
Public note View the news release free of charge at www.scottisharbitrationcentre.org
942 ## - ADDED ENTRY ELEMENTS (KOHA)
Suppress in OPAC 0
Holdings
Withdrawn status Lost status Source of classification or shelving scheme Damaged status Not for loan Home library Current library Shelving location Date acquired Total Checkouts Full call number Barcode Date last seen Copy number Price effective from Koha item type
    Dewey Decimal Classification     Virtual Virtual Online 15/11/2011   ONLINE PUBLICATION 154348-2001 06/08/2019 1 06/08/2019 Journal article